00969nai a2200217Ia 4500003000900000008004100009022002200050022002300072040001600095245009400111260008600205310001200291362002600303521006900329650003700398650004600435856008800481942000700569999001700576952015800593IN-BaIIA211028c9999 xx s 000 0 eng d a0278-0070 (Print) a1937-4151 (Online) cIIA Library 0aIEEE Transactions on Computer-Aided Design of Integrated Circuits and Systemsh[eJournal] aNew York, USAbThe Institute of Electrical and Electronics Engineers, Inc. (IEEE) aMonthly a1(1); 1982 - Present  bSubscribed through National Knowledge Resource Consortium (NKRC) a Computing and Processing948785 aComponents, Circuits, Devices and Systems uhttps://ieeexplore.ieee.org/servlet/opac?punumber=43yClick Here to Access eJournal cEJ c34651d34651 00104070aBANbBANd2009-01-01eNKRCh1(1); 1982 - Present l0pEJ735r2021-11-05uhttps://ieeexplore.ieee.org/servlet/opac?punumber=43w2021-11-05yEJ